Information Architecture (Record no. 12496)
[ view plain ]
| 000 -LEADER | |
|---|---|
| fixed length control field | 00428nam a22001817a 4500 |
| 003 - CONTROL NUMBER IDENTIFIER | |
| control field | OSt |
| 008 - FIXED-LENGTH DATA ELEMENTS--GENERAL INFORMATION | |
| fixed length control field | 240413b |||||||| |||| 00| 0 eng d |
| 020 ## - INTERNATIONAL STANDARD BOOK NUMBER | |
| International Standard Book Number | 9789352132294 |
| 082 ## - DEWEY DECIMAL CLASSIFICATION NUMBER | |
| Classification number | 004 ROI |
| 100 ## - MAIN ENTRY--PERSONAL NAME | |
| Personal name | ROSENFELD,Louis |
| 245 ## - TITLE STATEMENT | |
| Title | Information Architecture |
| 250 ## - EDITION STATEMENT | |
| Edition statement | 4TH Ed |
| 260 ## - PUBLICATION, DISTRIBUTION, ETC. (IMPRINT) | |
| Place of publication, distribution, etc | New Delhi |
| Name of publisher, distributor, etc | Shroff/O'Reilly |
| Date of publication, distribution, etc | 2021 |
| 300 ## - PHYSICAL DESCRIPTION | |
| Extent | 461 |
| 700 ## - ADDED ENTRY--PERSONAL NAME | |
| Personal name | MORVILLE,Peter |
| 700 ## - ADDED ENTRY--PERSONAL NAME | |
| Personal name | ARANGO,Jorge |
| 942 ## - ADDED ENTRY ELEMENTS (KOHA) | |
| Source of classification or shelving scheme | Dewey Decimal Classification |
| Koha item type | Text Books |
| Withdrawn status | Lost status | Source of classification or shelving scheme | Damaged status | Not for loan | Collection code | Home library | Current library | Date acquired | Source of acquisition | Currency | Cost, normal purchase price | Bill Number | Total Checkouts | Full call number | Acc. no. / Barcode | Date last seen | Actual Cost, discounted price | Bill Date | Koha item type |
|---|---|---|---|---|---|---|---|---|---|---|---|---|---|---|---|---|---|---|---|
| Dewey Decimal Classification | Computer Science and Engineering in AI & Data Science | PIET C-LIBRARY | PIET C-LIBRARY | 31/03/2024 | Zafaa Books and Distributors | In rupees | 1800.00 | ZBD0492 | 004 ROI | 36922 | 13/04/2024 | 1350.00 | 31/03/2024 | Reference Books | |||||
| Dewey Decimal Classification | Computer Science and Engineering in AI & Data Science | PIET C-LIBRARY | PIET C-LIBRARY | 31/03/2024 | Zafaa Books and Distributors | In rupees | 1800.00 | ZBD0492 | 004 ROI | 36923 | 13/04/2024 | 1350.00 | 31/03/2024 | Text Books | |||||
| Dewey Decimal Classification | Computer Science and Engineering in AI & Data Science | PIET C-LIBRARY | PIET C-LIBRARY | 31/03/2024 | Zafaa Books and Distributors | In rupees | 1800.00 | ZBD0492 | 004 ROI | 36924 | 13/04/2024 | 1350.00 | 31/03/2024 | Text Books | |||||
| Dewey Decimal Classification | Computer Science and Engineering in AI & Data Science | PIET C-LIBRARY | PIET C-LIBRARY | 31/03/2024 | Zafaa Books and Distributors | In rupees | 1800.00 | ZBD0492 | 004 ROI | 36925 | 13/04/2024 | 1350.00 | 31/03/2024 | Text Books | |||||
| Dewey Decimal Classification | Computer Science and Engineering in AI & Data Science | PIET C-LIBRARY | PIET C-LIBRARY | 31/03/2024 | Zafaa Books and Distributors | In rupees | 1800.00 | ZBD0492 | 004 ROI | 36926 | 13/04/2024 | 1350.00 | 31/03/2024 | Text Books | |||||
| Dewey Decimal Classification | Computer Science and Engineering in AI & Data Science | PIET C-LIBRARY | PIET C-LIBRARY | 31/03/2024 | Zafaa Books and Distributors | In rupees | 1800.00 | ZBD0492 | 004 ROI | 36927 | 13/04/2024 | 1350.00 | 31/03/2024 | Text Books |